Star Wars Production Order - Statistics

General Stats
  • This quiz has been taken 67 times
  • The average score is 21 of 26
Answer Stats
Year Movie/Series % Correct
2005 Revenge of the Sith
98%
1977 A New Hope
96%
2002 Attack of the Clones
94%
2008 Clone Wars (movie)
94%
2008 Clone Wars (series)
94%
1980 Empire Strikes Back
94%
1999 Phantom Menace
94%
1983 Return of the Jedi
94%
2015 Force Awakens
91%
2017 Last Jedi
91%
2016 Rogue One
89%
2018 Solo
87%
2019 Rise of Skywalker
85%
2019 Mandalorian
79%
2014 Rebels
77%
2023 Ahsoka
74%
2022 Andor
74%
2022 Tales of the Jedi
74%
2021 Book of Boba Fett
68%
2024 Tales of the Empire
66%
2022 Obi-Wan Kenobi
64%
2021 Bad Batch
62%
2024 The Acolyte
60%
2024 Skeleton Crew
57%
2025 Tales of the Underworld
53%
2018 Resistance
51%
No matching quizzes found
Score Distribution
Percent of People with Each Score
Percentile by Number Answered
Your Score History
You have not taken this quiz